| 000 | 01389cam a22002655a 4500 | ||
|---|---|---|---|
| 001 | L140056 | ||
| 008 | 020426s2007 xxk f 001 0 eng u | ||
| 020 | _a1841408042 | ||
| 035 | _a(Sirsi) u140056 | ||
| 041 | _aeng | ||
| 050 | _a657.833 $2 18 | ||
| 100 | _aBeddy, M. | ||
| 245 |
_aReal estate _ban industry accounting and auditing guide |
||
| 250 | _a7th ed. | ||
| 260 |
_aKingston upon Thames _bCroner _c2007 |
||
| 300 |
_aix, 200p. _c24cm. |
||
| 350 | _a78 | ||
| 520 | _aCovers the significant aspects of accounting, auditing and financial reporting for the real estate industry. Considers the current concerns and issues facing the industry and looks at all the latest financial reporting standards affecting real estate. Discusses the accounting treatment and disclosure of the principal assets in the balance sheet, and considers profit and loss items and reporting performance. Examines the impact of International Financial Reporting Standards, highlighting differences with US GAAP accounting policies. Also covers ownership structures and business combinations. Contains a chapter on property valuations based upon the latest RICS professional guidance. | ||
| 520 | _aSupercedes sixth edition. | ||
| 590 | _aKA | ||
| 651 | 4 |
_aUnited Kingdom _y |
|
| 690 | _aMANAGEMENT-BUSINESS MANAGEMENT-FINANCIAL MANAGEMENT-ACCOUNTING | ||
| 700 | _aMuschamp, R. | ||
| 942 | _n0 | ||
| 999 |
_c107412 _d107412 |
||